000 00414pab a2200169 454500
008 180718b2009 xxu||||| |||| 00| 0 eng d
100 _aSyiem, Smti I.
245 _aTotal quality management in higher education
260 _c2009
300 _ap.16-20.
362 _a26 Oct
650 _aHigher education
650 _aTotal quality management
773 _aUniversity News
908 _aN
909 _a84391
999 _c84391
_d84391